000 02421cam a2200313 4500500
005 20251228050052.0
041 _afre
042 _adc
100 1 0 _aBinoche, Bertrand
_eauthor
245 0 0 _aLa théorie, la pratique et la Révolution
260 _c2005.
500 _a52
520 _aPartisans et adversaires, acteurs et spectateurs de la Révolution française réfléchirent d’emblée celle-ci comme la mise en oeuvre, triomphale ou désastreuse, de la théorie — entendons la philosophie des « Lumières ». Ce faisant, ils s’enfermèrent dans une alternative — pour ou contre la théorie? — que l’on put tenter de forcer dans trois directions bien distinctes: 1) en substituant une théorie à une autre, aux droits de l’homme l’utilité (Bentham); 2) en instituant le pratique (das Praktische) au fondement de la théorie elle-même (Fichte); 3) en déployant dans le temps nouveau de la perfectibilité indéfinie la réalisation de la théorie dans la pratique (Condorcet, Godwin, Fichte), toute la difficulté se focalisant alors dans la signification précise qu’il s’agissait d’accorder à l’épithète « indéfinie ».
520 _aAdvocates and opponents, actors and spectators of French revolution understood directly this one as a realisation of the Theory — id est the Enlightenment’s philosophy. So they shut themselves in a alternative — for or against the theory? — which one tried to break open in three well distinct directions: 1) substituting one theory for another — utility for rights of man (Bentham); 2) promoting the pratical (das Praktische) as foundation of the theory itself (Fichte); 3) opening in the new time of unending perfectibility the realisation of the theory into practice (Condorcet, Godwin, Fichte) — and the whole difficulty was then the accurate meaning which had to be given to the epithet «unending ».
690 _aÉvénement
690 _aHistoire
690 _aPerfectibilité
690 _aPratique
690 _aRévolution
690 _aThéorie
690 _aEvent
690 _aHistory
690 _aPerfectibility
690 _aPractice
690 _aRevolution
690 _aTheory
786 0 _nArchives de philosophie | 68 | 4 | 2005-12-01 | p. 559-572 | 0003-9632
856 4 1 _uhttps://shs.cairn.info/revue-archives-de-philosophie-2005-4-page-559?lang=fr&redirect-ssocas=7080
999 _c1579746
_d1579746